Nobelova cena za ekonomii opět pro americké ekonomy

Vyhlásenie Švédskej akadémie vied o výsledkoch tohtoročnej Nobelovej ceny za ekonómiu, v Štokholme dňa 10. októbra, ktorú získali americkí ekonómovia profesori, Thomas John Sargent a Christopher Albert Sims za empirický výzkum príčin a dôsledkov v makroekonomike.

Uložené v:
Podrobná bibliografia
Médium: Kapitola
Jazyk:Czech
Predmet:
Tagy: Pridať tag
Žiadne tagy, Buďte prvý, kto otaguje tento záznam!

MARC

LEADER 00000naa a2200000 4500
001 0144006
005 20231129094351.5
041 0 |a cze 
044 |a CZ 
245 1 0 |a Nobelova cena za ekonomii opět pro americké ekonomy 
520 |a Vyhlásenie Švédskej akadémie vied o výsledkoch tohtoročnej Nobelovej ceny za ekonómiu, v Štokholme dňa 10. októbra, ktorú získali americkí ekonómovia profesori, Thomas John Sargent a Christopher Albert Sims za empirický výzkum príčin a dôsledkov v makroekonomike. 
610 2 0 |a ekonómovia 
610 2 0 |a organizácie ekonomické medzinárodné 
610 2 0 |a akadémie vied 
610 2 0 |a Švédsko 
610 2 0 |a Nobelova cena